00773naa a2200217 a 450000100080000000500110000800800410001910000180006024501390007826000090021765000220022665000220024865000130027065000170028365000200030065000100032065300120033065300150034270000200035777301780037714768092013-04-04 1991 bl uuuu u00u1 u #d1 aCASELA, C. R. aIdentificação de genótipos com resistência parcial a Puccinia purpurea, agente causal da ferrugem do sorgo.h[electronic resource] c1991 aPuccinia purpurea aDoença de Planta aFerrugem aResistência aSorghum Bicolor aSorgo aDisease aResistance1 aFERREIRA, A. S. tIn: EMBRAPA. Centro de Nacional de Pesquisa de Milho e Sorgo. Relatório técnico anual do Centro Nacional de Pesquisa de Milho e Sorgo 1985-1987. Sete Lagoas, 1991. p. 133.